Bienvenue à la Médiathèque de Saint-Andiol
banniere
Accueil Recherche avancée Mon compte
handi1 Rechercher dans le catalogue

Filtre   Mots-clés
  Recherche avancée
 
Lister les dernières nouveautés
 
Lister les livres GROS CARACTERES
 
Lister les périodiques (magazines)

handi1 After

Book Cover
Auteur principal : Anna Todd
Autres auteurs : Marie-Christine Tricottet
Titre : After
Support : Livres
Langue : Francais
Publié : DL 2016 Le livre de poche Paris
Series : After
Genre : Roman
Collection : Le livre de poche
Sujets :
Étiquettes :
Pas de tags
LEADER 01676nam0a2200217 450
001 16868273
010 |a 978-2-253-19458-3  |b br.  |d 7,9 € 
100 |a 20260513d2026 u u0frey01 ba 
101 1 |a fre  |c eng 
102 |a FR 
200 0 |a After  |f Anna Todd  |g traduit de l'anglais (Etats-Unis) par Marie-Christine Tricottet 
207 1 |a   
210 |a Paris  |c Le livre de poche  |d DL 2016 
215 |a 1 vol. (811 p.)  |d 18 cm 
225 1 |a Le livre de poche  |v 34090 
330 |a Tessa est une jeune fille ambitieuse, volontaire, réservée. Elle contrôle sa vie. Son petit ami, Noah, est le gendre idéal. Celui que sa mère adore, celui qui ne fera pas de vagues. Son avenir est tout tracé : de belles études, un bon job à la clé, un mariage heureux... Mais ça, c'était avant qu'il ne la bouscule dans le dortoir. Lui, c'est Hardin, bad boy, sexy, tatoué, piercé. Grossier, provocateur et cruel, c'est le type le plus détestable que Tessa ait jamais croisé. Et pourtant, le jour où elle se retrouve seule avec lui, elle perd tout contrôle. Cet homme ingérable fait naître en elle une passion sans limites. Une passion qui, contre toute attente, semble réciproque...Initiation, sexe, jalousie, mensonges, entre Tessa et Hardin, est-ce une histoire destructrice ou un amour absolu ?Le premier tome d'une série phénomène, véritable best-seller planétaire. Sulfureux et addictif. Direct Matin.Il y a du Fifty Shades of Grey dans l'air. Elle. 
461 0 |t After  |v 1 
700 0 |a Todd  |b Anna  |f 1989-....  |4 70 
702 0 |a Tricottet  |b Marie-Christine  |4 730 
900 |a Roman 
995 |a Médiathèque  |c Médiathèque  |f 089021860  |h 089021860  |k R TOD 1  |o p  |q a  |r az  |e Médiathèque